Water foster watercolour Landscape (Record no. 240721)

MARC details
000 -LEADER
fixed length control field 00306pam a2200133 a 4500
020 ## - INTERNATIONAL STANDARD BOOK NUMBER
Terms of availability
041 ## - LANGUAGE CODE
Language code of original
082 ## - DEWEY DECIMAL CLASSIFICATION NUMBER
Classification number 758.1
Item number PET
100 ## - MAIN ENTRY--PERSONAL NAME
Personal name Kalan peterson.
245 ## - TITLE STATEMENT
Title Water foster watercolour Landscape
Medium Textual Documents
260 ## - PUBLICATION, DISTRIBUTION, ETC.
Place of publication, distribution, etc. [s.l]:
Name of publisher, distributor, etc. water foster
300 ## - PHYSICAL DESCRIPTION
Extent 31:
Other physical details Hard.
930 ## - EQUIVALENCE OR CROSS-REFERENCE-UNIFORM TITLE HEADING [LOCAL, CANADA]
Uniform title 6931
Holdings
Withdrawn status Lost status Damaged status Not for loan Collection Home library Current library Date acquired Source of acquisition Cost, normal purchase price Total Checkouts Full call number Barcode Date last seen Copy number Price effective from Koha item type
          College of Fine Arts, Pune College of Fine Arts, Pune 31/12/2012 Bhararti Sahakari Grahak Bhandar 458.00   758.1 PET FAP-7309 07/03/2023 1 07/03/2023 Book